000 00360nam a2200133Ia 4500
005 20260328104336.0
008 260328s9999||||xx |||||||||||||| ||und||
100 _aAllen, Edward
245 0 _aCómo Funciona un Edificio :
_b Principios Elementales /
_cEdward Allen
260 _bGustavo Gili
300 _a255 p.
650 _aEDIFICIOS EN ALTURA
942 _cBK
999 _c11919
_d11919